| 000 | 00000nam 2200000zi 4500 |
| 001 | 9.939119 |
| 003 | CaOODSP |
| 005 | 20250318073218 |
| 006 | m o d f |
| 007 | cr mn||||||||| |
| 008 | 240607t20252025onca ob f000 0 eng d |
| 020 | |a9780660722672|z9780660722689 |
| 040 | |aCaOODSP|beng|erda|cCaOODSP |
| 043 | |an-cn--- |
| 086 | 1 |aPS4-239/2025E-PDF |
| 245 | 00|aCanada's national cyber security strategy : |bsecuring Canada's digital future. |
| 246 | 17|aNational cyber security strategy |
| 264 | 1|a[Ottawa] : |bPublic Safety Canada = Sécurité publique Canada, |c2025. |
| 264 | 4|c©2025 |
| 300 | |a1 online resource (44 pages) : |bcolour illustrations |
| 336 | |atext|btxt|2rdacontent |
| 337 | |acomputer|bc|2rdamedia |
| 338 | |aonline resource|bcr|2rdacarrier |
| 500 | |aIssued also in French under title: Stratégie nationale de cybersécurité du Canada : sécuriser l'avenir numérique du Canada. |
| 500 | |aTitle from cover. |
| 500 | |a"Publication date: 2025-01." |
| 504 | |aIncludes bibliographical references. |
| 650 | 0|aComputer crimes|xPrevention|xGovernment policy|zCanada. |
| 650 | 0|aCyberterrorism|xPrevention|xGovernment policy|zCanada. |
| 650 | 0|aComputer security|xGovernment policy|zCanada. |
| 710 | 1 |aCanada. |bPublic Safety Canada, |eissuing body. |
| 775 | 08|tStratégie nationale de cybersécurité du Canada : |w(CaOODSP)9.939120 |
| 795 | |tNational cyber security strategy |w(CaOODSP)9.856424 |
| 856 | 40|qPDF|s4.23 MB|uhttps://publications.gc.ca/collections/collection_2025/sp-ps/PS4-239-2025-eng.pdf |
| 856 | 4 |qHTML|sN/A|uhttps://www.publicsafety.gc.ca/cnt/rsrcs/pblctns/ntnl-cbr-scrt-strtg-2025/index-en.aspx |